| 000 | 00573cam a22002051 4500 | ||
|---|---|---|---|
| 001 | med47001717 | ||
| 003 | DLC | ||
| 005 | 20260227111603.0 | ||
| 008 | 811121s1940 xx a 000 0 ger | ||
| 010 | _amed47001717 | ||
| 035 | _a(OCoLC)14739787 | ||
| 040 |
_aDLC _cDNLM _dDLC |
||
| 042 | _apremarc | ||
| 050 | 0 | 0 |
_aRJ61 _b.L85 |
| 060 | 0 |
_aWS 113 _bL869m 1940 |
|
| 100 | 1 | _aLorenz-Herzog, Inga. | |
| 245 | 1 | 0 |
_aMein Kind im ersten Lebensjahr; _bAnleitungen und Ratschläge für die Säuglingspflege ... |
| 260 |
_aStuttgart, _bFranckh _c[1940] |
||
| 300 |
_a111 p. _bill. |
||
| 999 |
_c38379 _d38379 |
||